00340nam a2200121Ia 4500003000900000008004100009040003300050041000800083080001300091245006200104260003700166300001500203LK-CoDNM010623t1979 xxu||||| |||| 00| 1 eng d aLK-CoDNMdLK-CoDNMeLK-CoDNM aeng a338bEGY aThird World Countries in the International Cotton Economy b Third World Forum a Nyonc1979 b61p, 22 cm